[Event "World Junior U20 Girls 2018"]
[Site "Gebze"]
[Date "2018.09.05"]
[Round "1"]
[White "Celik, Eda"]
[Black "Sliwicka, Alicja"]
[Result "0-1"]
[WhiteElo "1970"]
[BlackElo "2272"]
[Annotator "NA"]
[PlyCount "92"]
[EventDate "2018.09.05"]
[EventType "swiss"]
[EventCountry "TUR"]
[SourceTitle "playchess.com"]
[Source "ChessBase"]
[SourceQuality "1"]
[TimeControl "40/5400+30:1800+30"]

1. e4 c5 2. Nf3 e6 3. d3 Nc6 4. g3 g6 5. Bg2 Bg7 6. O-O Nge7 7. c3 O-O 8. Re1 e5 9. Be3 d6 10. a4 b6 11. d4 exd4 12. cxd4 Bg4 13. d5 Ne5 14. Nc3 h6 15. h3 Nxf3+ 16. Bxf3 Bxh3 17. Bg4 Bxg4 18. Qxg4 {[%emt 1:09:00]} Kh7 {[%emt 1:01:00]} 19. Kg2 {[%emt 0:02:30]} f5 {[%emt 0:02:30]} 20. Qh3 {[%emt 0:07:30]} Ng8 {[%emt 0:01:30]} 21. exf5 {[%emt 0:03:17]} Rxf5 {[%emt 0:01:30]} 22. g4 {[%emt 0:04:36]} Re5 {[%emt 0:05:30]} 23. Bf4 {[%emt 0:01:08]} Rxe1 {[%emt 0:01:30]} 24. Rxe1 {[%emt 0:00:01]} g5 {[%emt 0:15:21]} 25. Qd3+ {[%emt 0:02:22]} Kh8 {[%emt 0:00:05]} 26. Bg3 {[%emt 0:01:11]} Qd7 {[%emt 0:03:17]} 27. Re6 {[%emt 0:04:09]} Re8 {[%emt 0:03:13]} 28. Rxd6 {[%emt 0:06:40]} Qxg4 {[%emt 0:00:30]} 29. Qg6 {[%emt 0:00:30]} Rf8 {[%emt 0:01:48]} 30. Re6 {[%emt 0:01:26]} Qf3+ {[%emt 0:03:07]} 31. Kh2 {[%emt 0:00:15]} Nf6 {[%emt 0:00:56]} 32. Re7 {[%emt 0:00:49]} Rg8 {[%emt 0:00:48]} 33. Rf7 {[%emt 0:00:29]} Ng4+ {[%emt 0:01:28]} 34. Kg1 {[%emt 0:00:08]} Qxg3+ {[%emt 0:00:00]} 35. fxg3 {[%emt 0:00:59]} Bd4+ {[%emt 0:00:00]} 36. Kg2 {[%emt 0:00:49]} Rxg6 {[%emt 0:00:03]} 37. Rxa7 {[%emt 0:00:07]} Bxc3 {[%emt 0:00:24]} 38. bxc3 {[%emt 0:00:51]} Ne3+ {[%emt 0:00:30]} 39. Kf3 {[%emt 0:00:00]} Nxd5 {[%emt 0:00:00]} 40. c4 {[%emt 0:00:00]} Nb4 {[%emt 0:00:00]} 41. a5 {[%emt 0:01:43]} Nc6 {[%emt 0:05:30]} 42. Ra8+ {[%emt 0:01:30]} Rg8 {[%emt 0:00:30]} 43. Rxg8+ {[%emt 0:00:30]} Kxg8 {[%emt 0:00:30]} 44. axb6 {[%emt 0:00:30]} Kf7 {[%emt 0:00:00]} 45. Ke4 {[%emt 0:00:30]} Ke6 {[%emt 0:00:00]} 46. g4 {[%emt 0:00:00]} Na5 {[%emt 0:00:30]} 0-1

[Event "World Junior U20 Girls 2018"]
[Site "Gebze"]
[Date "2018.09.05"]
[Round "1"]
[White "Vujcic, Milena"]
[Black "Diakonova, Ekaterina"]
[Result "0-1"]
[WhiteElo "1955"]
[BlackElo "2243"]
[Annotator "NA"]
[PlyCount "98"]
[EventDate "2018.09.05"]
[EventType "swiss"]
[EventCountry "TUR"]
[SourceTitle "playchess.com"]
[Source "ChessBase"]
[SourceQuality "1"]
[TimeControl "40/5400+30:1800+30"]

1. e4 c6 2. d4 d5 3. Nc3 dxe4 4. Nxe4 Bf5 5. Ng3 Bg6 6. h4 h6 7. Nf3 Nf6 8. h5 Bh7 9. Bd3 Bxd3 10. Qxd3 e6 11. Bd2 Be7 12. O-O-O Nbd7 13. Kb1 O-O 14. Ne4 Nxe4 15. Qxe4 Nf6 16. Qe2 Qd5 17. Ne5 Qe4 18. Qxe4 Nxe4 19. Be3 Rfd8 20. g4 c5 21. f3 cxd4 22. Rxd4 Rxd4 23. Bxd4 Nd2+ 24. Kc1 Bg5 25. Kd1 f6 {[%emt 1:01:30]} 26. Bc3 {[%emt 1:14:00]} Rd8 {[%emt 0:01:30]} 27. Nd3 {[%emt 0:10:18]} Nxf3 {[%emt 0:00:30]} 28. Ke2 {[%emt 0:02:49]} Nd4+ {[%emt 0:00:30]} 29. Bxd4 {[%emt 0:01:38]} Rxd4 {[%emt 0:00:30]} 30. Kf3 {[%emt 0:00:04]} Kf7 {[%emt 0:09:30]} 31. Re1 {[%emt 0:01:25]} f5 {[%emt 0:08:30]} 32. Ne5+ {[%emt 0:00:28]} Kf6 {[%emt 0:00:30]} 33. Re2 {[%emt 0:00:21]} Rd2 {[%emt 0:04:37]} 34. Rxd2 {[%emt 0:00:44]} Bxd2 {[%emt 0:00:06]} 35. Nc4 {[%emt 0:00:15]} Bc1 {[%emt 0:01:10]} 36. Nd6 {[%emt 0:01:59]} Bxb2 {[%emt 0:05:36]} 37. Nxb7 {[%emt 0:00:07]} Bc3 {[%emt 0:01:54]} 38. Nd6 {[%emt 0:00:21]} a6 {[%emt 0:03:10]} 39. Ne8+ {[%emt 0:02:32]} Kg5 {[%emt 0:01:48]} 40. gxf5 {[%emt 0:00:30]} exf5 {[%emt 0:00:30]} 41. Nd6 {[%emt 0:00:59]} Kxh5 {[%emt 0:09:39]} 42. Nxf5 {[%emt 0:00:00]} g5 {[%emt 0:00:00]} 43. Ng3+ {[%emt 0:00:00]} Kg6 {[%emt 0:02:00]} 44. Ne4 {[%emt 0:04:30]} Be5 {[%emt 0:01:30]} 45. c4 {[%emt 0:00:30]} h5 {[%emt 0:00:30]} 46. c5 {[%emt 0:00:30]} g4+ {[%emt 0:00:30]} 47. Kg2 {[%emt 0:00:00]} h4 {[%emt 0:02:30]} 48. c6 {[%emt 0:00:00]} h3+ {[%emt 0:00:30]} 49. Kg1 {[%emt 0:00:30]} g3 {[%emt 0:00:00]} 0-1

[Event "World Junior U20 Girls 2018"]
[Site "Gebze"]
[Date "2018.09.05"]
[Round "1"]
[White "Kyrkjebo, Hanna B"]
[Black "Maltsevskaya, Aleksandra"]
[Result "0-1"]
[WhiteElo "1947"]
[BlackElo "2234"]
[Annotator "NA"]
[PlyCount "68"]
[EventDate "2018.09.05"]
[EventType "swiss"]
[EventCountry "TUR"]
[SourceTitle "playchess.com"]
[Source "ChessBase"]
[SourceQuality "1"]
[TimeControl "40/5400+30:1800+30"]

1. e4 c5 2. Nf3 e6 3. d3 Nc6 4. g3 g6 5. Bg2 Bg7 6. h4 h6 7. c3 Nge7 8. O-O d5 9. Qe2 b6 10. e5 Qc7 11. Re1 a5 12. a4 Ba6 13. Na3 O-O 14. Nb5 Qd7 15. Bf4 Na7 16. Nxa7 Rxa7 17. Qc2 b5 18. b3 Rb8 19. Reb1 bxa4 20. Rxa4 Nc6 21. Re1 Rab7 22. Nd2 Qd8 {[%emt 0:47:00]} 23. d4 {[%emt 1:26:05]} cxd4 {[%emt 0:01:30]} 24. cxd4 {[%emt 0:00:31]} Nb4 {[%emt 0:00:30]} 25. Qb1 {[%emt 0:01:40]} Bb5 {[%emt 0:01:30]} 26. Ra1 {[%emt 0:06:46]} Nd3 {[%emt 0:06:30]} 27. Rd1 {[%emt 0:01:08]} Nxf4 {[%emt 0:00:30]} 28. gxf4 {[%emt 0:00:30]} Qxh4 {[%emt 0:00:30]} 29. Rxa5 {[%emt 0:00:30]} Qxf4 {[%emt 0:00:00]} 30. Nf1 {[%emt 0:06:29]} Bxf1 {[%emt 0:00:00]} 31. Bxf1 {[%emt 0:01:01]} Rxb3 {[%emt 0:00:30]} 32. Qc1 {[%emt 0:00:33]} Qf5 {[%emt 0:00:30]} 33. Rc5 {[%emt 0:00:32]} Rb2 {[%emt 0:00:30]} 34. Qe3 {[%emt 0:01:03]} Qg4+ {[%emt 0:00:00]} 0-1

[Event "World Junior U20 Girls 2018"]
[Site "Gebze"]
[Date "2018.09.05"]
[Round "1"]
[White "Kyrkjebo, Marte B"]
[Black "Mahalakshmi, M."]
[Result "1/2-1/2"]
[WhiteElo "1935"]
[BlackElo "2213"]
[Annotator "NA"]
[PlyCount "168"]
[EventDate "2018.09.05"]
[EventType "swiss"]
[EventCountry "TUR"]
[SourceTitle "playchess.com"]
[Source "ChessBase"]
[SourceQuality "1"]
[TimeControl "40/5400+30:1800+30"]

1. e4 c6 2. d4 d5 3. e5 c5 4. dxc5 {[%emt 0:00:00]} e6 {[%emt 0:03:00]} 5. Be3 {[%emt 0:00:30]} Nd7 {[%emt 0:00:30]} 6. Bb5 {[%emt 0:07:30] B12: Caro-Kann: Advance Variation} (6. f4 Bxc5 7. Bxc5 Nxc5 8. Nc3 Ne7 9. Qd4 b6 10. O-O-O O-O 11. Nf3 Bd7 12. Bd3 Rc8 13. Kb1 Qc7 {1-0 (43) Durarbayli,V (2618)-Indjic,A (2600) Saint Louis 2018}) 6... Qa5+ {[%emt 0:00:30]} 7. Nc3 {[%emt 0:01:30]} a6 {[%emt 0:00:30]} 8. Ba4 {[%emt 0:03:30]} Bxc5 {[%emt 0:02:30]} 9. Bxc5 {[%emt 0:03:30]} Qxc5 {[%emt 0:00:30]} 10. Nf3 $146 {[%emt 0:07:30]} ({Predecessor:} 10. Qg4 g6 11. Nf3 b5 12. Bb3 Ne7 13. O-O Bb7 {0-1 (44) Zhou,Q (2239)-Jarvenpaa,J (2295) Helsinki 2016}) 10... b5 {[%emt 0:02:30]} 11. Bb3 {[%emt 0:01:30]} Ne7 {[%emt 0:00:30]} 12. O-O {[%emt 0:04:30]} O-O {[%emt 0:01:30]} 13. Re1 {[%emt 0:03:30]} Bb7 {[%emt 0:03:30]} 14. Ne2 {[%emt 0:07:30]} b4 {[%emt 0:16:30]} 15. a3 {[%emt 0:08:30]} bxa3 16. Rxa3 Nb6 17. Ned4 a5 18. Ba4 Nc4 19. Ra2 Ba6 {[%emt 0:54:30]} 20. c3 {[%emt 1:18:00]} Rfb8 {[%emt 0:05:30]} 21. Qc1 {[%emt 0:00:30]} Qc7 {[%emt 0:02:30]} 22. b3 {[%emt 0:04:35]} Nb6 {[%emt 0:00:30]} 23. Qe3 {[%emt 0:03:39]} Rc8 {[%emt 0:03:30]} 24. Rc1 {[%emt 0:01:25]} Qc5 {[%emt 0:06:30]} 25. Ne1 {[%emt 0:04:53]} Ng6 {[%emt 0:01:30]} 26. Nef3 {[%emt 0:02:38]} Rc7 {[%emt 0:05:30]} 27. Qd2 {[%emt 0:01:13]} Rac8 {[%emt 0:02:30]} 28. h3 {[%emt 0:03:17]} h6 {[%emt 0:03:14]} 29. Qe3 {[%emt 0:01:10]} Nxa4 {[%emt 0:02:52]} 30. Rxa4 {[%emt 0:00:49]} Qb6 {[%emt 0:00:50]} 31. Qd2 {[%emt 0:01:13]} Rc5 {[%emt 0:01:30]} 32. Ra2 {[%emt 0:01:00]} Bb7 {[%emt 0:03:04]} 33. Qe3 {[%emt 0:00:30]} Qc7 {[%emt 0:00:30]} 34. Rac2 {[%emt 0:00:30]} Ba6 {[%emt 0:01:29]} 35. Kh1 {[%emt 0:00:58]} Qb8 {[%emt 0:01:35]} 36. Ra2 {[%emt 0:00:52]} Bb7 {[%emt 0:01:43]} 37. Kg1 {[%emt 0:00:14]} Qc7 {[%emt 0:03:38]} 38. Rac2 {[%emt 0:00:15]} Qb6 {[%emt 0:01:53]} 39. Ra2 {[%emt 0:00:41]} Bc6 {[%emt 0:03:41]} 40. Rca1 {[%emt 0:00:00]} Bd7 {[%emt 0:00:00]} 41. Rc1 {[%emt 0:09:08]} Qc7 {[%emt 0:03:01]} 42. Rac2 {[%emt 0:00:30]} Qb8 {[%emt 0:02:30]} 43. Ra2 {[%emt 0:04:12]} Be8 {[%emt 0:01:30]} 44. Kh1 {[%emt 0:01:16]} R8c7 {[%emt 0:08:32]} 45. Kg1 {[%emt 0:04:02]} Rc8 {[%emt 0:00:17]} 46. Kh1 {[%emt 0:00:00]} Nf8 {[%emt 0:01:36]} 47. Ne1 {[%emt 0:07:11]} Nd7 {[%emt 0:02:04]} 48. f4 {[%emt 0:03:33]} g6 {[%emt 0:04:35]} 49. g4 {[%emt 0:03:28]} Qc7 {[%emt 0:02:52]} 50. Rac2 {[%emt 0:00:51]} Qd8 {[%emt 0:00:51]} 51. f5 {[%emt 0:01:16]} exf5 {[%emt 0:01:23]} 52. gxf5 {[%emt 0:00:17]} Qg5 {[%emt 0:02:41]} 53. Qxg5 {[%emt 0:00:43]} hxg5 {[%emt 0:00:01]} 54. fxg6 {[%emt 0:00:44]} Nxe5 {[%emt 0:00:25]} 55. gxf7+ {[%emt 0:00:41]} Bxf7 {[%emt 0:01:22]} 56. Nf5 {[%emt 0:00:30]} Kf8 {[%emt 0:00:30]} 57. Nd6 {[%emt 0:00:30]} R8c6 {[%emt 0:01:50]} 58. Nxf7 {[%emt 0:00:56]} Kxf7 {[%emt 0:00:09]} 59. Kg2 {[%emt 0:00:26]} Rb6 {[%emt 0:01:18]} 60. Rb1 {[%emt 0:00:44]} Rcb5 {[%emt 0:01:03]} 61. Rcb2 {[%emt 0:00:33]} Nc4 {[%emt 0:01:09]} 62. Rf2+ {[%emt 0:00:31]} Kg6 {[%emt 0:00:57]} 63. Nd3 {[%emt 0:00:30]} Rxb3 {[%emt 0:00:22]} 64. Rc1 {[%emt 0:00:30]} Rb1 {[%emt 0:01:02]} 65. Rxb1 {[%emt 0:00:44]} Rxb1 {[%emt 0:00:01]} 66. Nc5 {[%emt 0:00:09]} Rb2 {[%emt 0:01:04]} 67. Na4 {[%emt 0:00:37]} Rb3 {[%emt 0:01:16]} 68. Rf3 {[%emt 0:00:27]} Ra3 {[%emt 0:00:35]} 69. Nc5 {[%emt 0:00:40]} Ra2+ {[%emt 0:00:13]} 70. Kg3 {[%emt 0:00:00]} Rd2 {[%emt 0:00:47]} 71. h4 {[%emt 0:00:39]} g4 {[%emt 0:00:31]} 72. Rf1 {[%emt 0:00:38]} Rc2 {[%emt 0:00:29]} 73. Na4 {[%emt 0:00:17] [#]} Ra2 {[%emt 0:00:21]} (73... Re2 $1 $19 74. Rf8 Re3+ 75. Kf2 Rd3 76. Rg8+ Kf5 77. Rf8+ Ke5 78. Re8+ Kd6) 74. Nc5 {[%emt 0:00:53]} Ra3 {[%emt 0:00:11]} 75. Rc1 {[%emt 0:00:06]} d4 {[%emt 0:00:33]} 76. Kxg4 {[%emt 0:00:26]} Rxc3 {[%emt 0:00:12]} 77. Rg1 {[%emt 0:00:45]} Kh6 {[%emt 0:01:00]} 78. Ne4 {[%emt 0:00:29]} Re3 {[%emt 0:00:39]} 79. Kf5 {[%emt 0:00:42]} Rf3+ {[%emt 0:00:11]} 80. Ke6 {[%emt 0:00:27]} Rf4 {[%emt 0:00:54]} 81. Kd5 {[%emt 0:00:30]} Rxh4 {[%emt 0:00:31]} 82. Kxc4 {[%emt 0:00:55]} Rxe4 {[%emt 0:00:01]} 83. Rd1 {[%emt 0:00:00] [#]} d3+ $1 {[%emt 0:00:55]} 84. Kxd3 {[%emt 0:00:32]} Re5 $11 {[%emt 0:00:16]} 1/2-1/2

[Event "World Junior U20 Girls 2018"]
[Site "Gebze"]
[Date "2018.09.05"]
[Round "1"]
[White "Tian, Shi Yuan"]
[Black "Caglar, Sila"]
[Result "1/2-1/2"]
[WhiteElo "1923"]
[BlackElo "2208"]
[Annotator "NA"]
[PlyCount "81"]
[EventDate "2018.09.05"]
[EventType "swiss"]
[EventCountry "TUR"]
[SourceTitle "playchess.com"]
[Source "ChessBase"]
[SourceQuality "1"]
[TimeControl "40/5400+30:1800+30"]

1. d4 Nf6 2. Nf3 g6 3. Bf4 Bg7 4. e3 O-O 5. Be2 d6 6. h3 Nc6 7. O-O Nd7 8. c4 e5 9. Bh2 exd4 10. exd4 Re8 11. Nc3 Nf6 12. d5 Nb8 13. Bd3 a5 14. Qd2 Na6 15. Rae1 Nc5 16. Bc2 Bd7 17. Nd4 a4 {[%emt 1:11:30]} 18. Bf4 {[%emt 1:02:00]} a3 {[%emt 0:05:30]} 19. b3 {[%emt 0:03:30]} Nh5 {[%emt 0:04:14]} 20. Bg5 {[%emt 0:03:30]} Qc8 {[%emt 0:01:45]} 21. Rxe8+ {[%emt 0:00:30]} Bxe8 {[%emt 0:06:33]} 22. Ne4 {[%emt 0:02:30]} Bd7 {[%emt 0:03:21]} 23. Kh2 {[%emt 0:02:30]} f5 {[%emt 0:03:29]} 24. Nxc5 {[%emt 0:00:30]} dxc5 {[%emt 0:00:05]} 25. Nf3 {[%emt 0:00:30]} Qf8 {[%emt 0:00:51]} 26. Re1 {[%emt 0:02:30]} Re8 {[%emt 0:02:16]} 27. Rxe8 {[%emt 0:05:30]} Qxe8 {[%emt 0:01:14]} 28. Qe3 {[%emt 0:01:25]} Qxe3 {[%emt 0:00:55]} 29. Bxe3 {[%emt 0:00:10]} b6 {[%emt 0:00:00]} 30. Bg5 {[%emt 0:00:53]} c6 {[%emt 0:01:25]} 31. Bd8 {[%emt 0:02:02]} b5 {[%emt 0:01:14]} 32. dxc6 {[%emt 0:03:47]} Bxc6 {[%emt 0:00:08]} 33. cxb5 {[%emt 0:00:00]} Bxb5 {[%emt 0:00:15]} 34. Be7 {[%emt 0:00:45]} Bf8 {[%emt 0:01:04]} 35. Bxf8 {[%emt 0:00:30]} Kxf8 {[%emt 0:00:07]} 36. g3 {[%emt 0:03:02]} Nf6 {[%emt 0:00:55]} 37. Nd2 {[%emt 0:00:09]} Nd5 {[%emt 0:01:02]} 38. Nb1 {[%emt 0:00:44]} Be2 {[%emt 0:00:34]} 39. Nxa3 {[%emt 0:05:17]} Nc3 {[%emt 0:00:30]} 40. Bb1 {[%emt 0:00:30]} Ke7 {[%emt 0:00:30]} 41. Kg1 {[%emt 0:30:33]} 1/2-1/2

[Event "World Junior U20 Girls 2018"]
[Site "Gebze"]
[Date "2018.09.05"]
[Round "1"]
[White "Salah, Nadezhda"]
[Black "Kubicka, Anna"]
[Result "1-0"]
[WhiteElo "1918"]
[BlackElo "2204"]
[Annotator "NA"]
[PlyCount "123"]
[EventDate "2018.09.05"]
[EventType "swiss"]
[EventCountry "TUR"]
[SourceTitle "playchess.com"]
[Source "ChessBase"]
[SourceQuality "1"]
[TimeControl "40/5400+30:1800+30"]

1. d4 Nf6 2. c4 g6 3. Nc3 Bg7 4. e4 O-O 5. Nge2 d6 6. Ng3 e5 7. d5 c6 8. Be2 cxd5 9. cxd5 Kh8 10. O-O Ng8 11. Qb3 Nd7 12. Qa3 Nc5 {[%emt 0:55:00]} 13. Be3 {[%emt 1:11:30]} b6 {[%emt 0:00:30]} 14. b4 {[%emt 0:00:30]} Nb7 {[%emt 0:04:30]} 15. Ba6 {[%emt 0:00:30]} f5 {[%emt 0:05:30]} 16. exf5 {[%emt 0:02:30]} gxf5 {[%emt 0:00:00]} 17. f4 {[%emt 0:00:00]} Qh4 {[%emt 0:03:00]} 18. Rac1 {[%emt 0:04:23]} Nh6 {[%emt 0:10:30]} 19. Nce2 {[%emt 0:00:27]} Ng4 {[%emt 0:03:17]} 20. h3 {[%emt 0:00:30]} Nxe3 {[%emt 0:00:30]} 21. Qxe3 {[%emt 0:00:10]} Qd8 {[%emt 0:01:27]} 22. Rc2 {[%emt 0:07:18]} Rf7 {[%emt 0:00:46]} 23. Rfc1 {[%emt 0:00:37]} Rb8 {[%emt 0:02:26]} 24. Nh5 {[%emt 0:03:55]} exf4 {[%emt 0:04:07]} 25. Nexf4 {[%emt 0:00:48]} Re7 {[%emt 0:05:00]} 26. Qd3 {[%emt 0:00:38]} Be5 {[%emt 0:00:24]} 27. Qg3 {[%emt 0:03:30]} Bd7 {[%emt 0:02:35]} 28. Qg5 {[%emt 0:01:39]} Be8 {[%emt 0:02:58]} 29. Ne6 {[%emt 0:05:01]} Rxe6 {[%emt 0:01:22]} 30. Qxd8 {[%emt 0:00:12]} Nxd8 {[%emt 0:00:10]} 31. dxe6 {[%emt 0:00:00]} Bxh5 {[%emt 0:00:06]} 32. e7 {[%emt 0:00:23]} Ne6 {[%emt 0:00:07]} 33. Rc8+ {[%emt 0:00:55]} Rxc8 {[%emt 0:00:30]} 34. Rxc8+ {[%emt 0:00:30]} Kg7 {[%emt 0:00:00]} 35. e8=Q {[%emt 0:00:04]} Bxe8 {[%emt 0:00:09]} 36. Rxe8 {[%emt 0:00:00]} Kf6 {[%emt 0:02:02]} 37. Ra8 {[%emt 0:00:45]} Bc3 {[%emt 0:00:19]} 38. Rxa7 {[%emt 0:01:13]} Bxb4 {[%emt 0:00:35]} 39. Rxh7 {[%emt 0:00:45]} d5 {[%emt 0:00:41]} 40. Bc8 {[%emt 0:00:00]} Nf4 {[%emt 0:00:00]} 41. Rh4 {[%emt 0:10:47]} Ke5 {[%emt 0:03:59]} 42. g3 {[%emt 0:05:07]} Bc5+ {[%emt 0:00:30]} 43. Kf1 {[%emt 0:00:03]} Ng6 {[%emt 0:01:30]} 44. Rh5 {[%emt 0:00:39]} Ne7 {[%emt 0:02:30]} 45. Bxf5 {[%emt 0:00:22]} Kd4 {[%emt 0:00:30]} 46. Be6 {[%emt 0:00:58]} Ke4 {[%emt 0:00:30]} 47. Ke2 {[%emt 0:00:54]} d4 {[%emt 0:00:00]} 48. Bc4 {[%emt 0:00:00]} d3+ {[%emt 0:01:00]} 49. Bxd3+ {[%emt 0:00:17]} Kd4 {[%emt 0:00:00]} 50. g4 {[%emt 0:04:14]} Nd5 {[%emt 0:00:00]} 51. Rxd5+ {[%emt 0:04:31]} Kxd5 {[%emt 0:00:30]} 52. Kf3 {[%emt 0:00:01]} Ke6 {[%emt 0:11:45]} 53. g5 {[%emt 0:01:04]} Kf7 {[%emt 0:00:47]} 54. Kg4 {[%emt 0:00:12]} Kg7 {[%emt 0:00:24]} 55. h4 {[%emt 0:00:04]} Be3 {[%emt 0:01:24]} 56. h5 {[%emt 0:00:05]} Kh8 {[%emt 0:00:42]} 57. h6 {[%emt 0:00:09]} Bc1 {[%emt 0:00:34]} 58. Kh5 {[%emt 0:00:04]} b5 {[%emt 0:02:05]} 59. g6 {[%emt 0:00:51]} Kg8 {[%emt 0:01:07]} 60. Bxb5 {[%emt 0:00:28]} Bb2 {[%emt 0:01:30]} 61. Bc4+ {[%emt 0:00:08]} Kh8 {[%emt 0:00:14]} 62. g7+ {[%emt 0:00:04]} 1-0

[Event "World Junior U20 Girls 2018"]
[Site "Gebze"]
[Date "2018.09.05"]
[Round "1"]
[White "Ince, Safiye Oyku"]
[Black "Beydullayeva, Govhar"]
[Result "1/2-1/2"]
[WhiteElo "1905"]
[BlackElo "2202"]
[Annotator "NA"]
[PlyCount "128"]
[EventDate "2018.09.05"]
[EventType "swiss"]
[EventCountry "TUR"]
[SourceTitle "playchess.com"]
[Source "ChessBase"]
[SourceQuality "1"]
[TimeControl "40/5400+30:1800+30"]

1. e4 c5 2. Nf3 d6 3. c3 Nf6 4. h3 e6 5. Bd3 Be7 6. Bc2 b6 7. d4 Bb7 8. Qe2 d5 9. e5 Nfd7 10. O-O Nc6 11. a3 a5 12. Nbd2 a4 13. Re1 Ba6 14. Bd3 Bxd3 15. Qxd3 O-O 16. c4 dxc4 17. Qxc4 Nxd4 18. Nxd4 cxd4 19. Qxd4 Nc5 {[%emt 1:05:30]} 20. Nf3 {[%emt 1:06:00]} Nd3 {[%emt 0:10:30]} 21. Qxd8 {[%emt 0:00:30]} Rfxd8 {[%emt 0:00:30]} 22. Re2 {[%emt 0:00:30]} Rd5 {[%emt 0:08:05]} 23. Be3 {[%emt 0:01:30]} Nxe5 {[%emt 0:02:37]} 24. Bxb6 {[%emt 0:03:30]} Nxf3+ {[%emt 0:00:30]} 25. gxf3 {[%emt 0:00:30]} Bf6 {[%emt 0:03:07]} 26. Bc7 {[%emt 0:02:30]} Rb5 {[%emt 0:03:08]} 27. Rb1 {[%emt 0:02:30]} h6 {[%emt 0:05:09]} 28. Bd6 {[%emt 0:00:30]} Rb3 {[%emt 0:00:40]} 29. Kg2 {[%emt 0:02:30]} Ra5 {[%emt 0:00:51]} 30. f4 {[%emt 0:02:30]} Rh5 {[%emt 0:01:16]} 31. Re4 {[%emt 0:01:30]} Rbxh3 {[%emt 0:00:56]} 32. Rxa4 {[%emt 0:00:30]} Rh2+ {[%emt 0:00:18]} 33. Kf3 {[%emt 0:00:00]} Rd5 {[%emt 0:01:57]} 34. Kg3 {[%emt 0:02:58]} Rhh5 {[%emt 0:00:13]} 35. Bb4 {[%emt 0:02:11]} e5 {[%emt 0:00:52]} 36. Bc3 {[%emt 0:01:19]} exf4+ {[%emt 0:00:50]} 37. Rxf4 {[%emt 0:00:30]} Rd3+ {[%emt 0:00:30]} 38. f3 {[%emt 0:02:16]} Rg5+ {[%emt 0:00:33]} 39. Kf2 {[%emt 0:01:09]} Bxc3 {[%emt 0:00:41]} 40. bxc3 {[%emt 0:00:00]} Rxc3 {[%emt 0:00:00]} 41. Rb8+ {[%emt 0:01:07]} Kh7 {[%emt 0:02:47]} 42. a4 {[%emt 0:02:30]} f6 {[%emt 0:04:30]} 43. Ra8 {[%emt 0:03:30]} Ra3 {[%emt 0:05:36]} 44. Ra7 {[%emt 0:00:30]} Kg6 {[%emt 0:00:24]} 45. Rg4 {[%emt 0:00:30]} h5 {[%emt 0:09:35]} 46. Rxg5+ {[%emt 0:01:30]} Kxg5 {[%emt 0:00:30]} 47. Rxg7+ {[%emt 0:00:30]} Kf4 {[%emt 0:00:39]} 48. Rh7 {[%emt 0:04:30]} Rxf3+ {[%emt 0:03:02]} 49. Kg2 {[%emt 0:00:30]} Rg3+ {[%emt 0:00:09]} 50. Kf2 {[%emt 0:01:30]} Rg5 {[%emt 0:00:26]} 51. Rf7 {[%emt 0:00:30]} f5 {[%emt 0:02:42]} 52. a5 {[%emt 0:00:30]} Rg6 {[%emt 0:00:03]} 53. Rb7 {[%emt 0:00:30]} Ra6 {[%emt 0:05:50]} 54. Rb5 {[%emt 0:02:30]} Kg4 {[%emt 0:00:18]} 55. Rb4+ {[%emt 0:00:30]} f4 {[%emt 0:00:10]} 56. Rb5 {[%emt 0:00:30]} h4 {[%emt 0:00:50]} 57. Kg2 {[%emt 0:02:30]} h3+ {[%emt 0:00:44]} 58. Kh2 {[%emt 0:01:30]} Re6 {[%emt 0:00:30]} 59. Rb2 {[%emt 0:00:00]} Re4 {[%emt 0:00:00]} 60. Ra2 {[%emt 0:00:00]} Re7 {[%emt 0:01:32]} 61. a6 {[%emt 0:00:30]} Ra7 {[%emt 0:00:02]} 62. Ra3 {[%emt 0:00:30]} f3 {[%emt 0:01:06]} 63. Ra4+ {[%emt 0:00:30]} Kf5 {[%emt 0:00:21]} 64. Kxh3 {[%emt 0:00:30]} Ke5 {[%emt 0:00:41]} 1/2-1/2

[Event "World Junior U20 Girls 2018"]
[Site "Gebze"]
[Date "2018.09.05"]
[Round "1"]
[White "Koljevic, Nikolina"]
[Black "Chu, Ruotong"]
[Result "0-1"]
[WhiteElo "1898"]
[BlackElo "2199"]
[Annotator "NA"]
[PlyCount "74"]
[EventDate "2018.09.05"]
[EventType "swiss"]
[EventCountry "TUR"]
[SourceTitle "playchess.com"]
[Source "ChessBase"]
[SourceQuality "1"]
[TimeControl "40/5400+30:1800+30"]

1. e4 e5 2. Nf3 Nf6 3. Nxe5 d6 4. Nf3 Nxe4 5. Nc3 Nf6 6. d4 Be7 7. Bd3 O-O 8. O-O Re8 9. Re1 a6 10. h3 b6 11. Bg5 Nbd7 12. Qd2 Bb7 13. Bxf6 Nxf6 14. Ne4 Bf8 15. Qf4 Nh5 16. Qd2 g6 17. c3 Bg7 {[%emt 1:02:30]} 18. a4 {[%emt 1:05:00]} Re7 {[%emt 0:10:30]} 19. Qc2 {[%emt 0:04:30]} Nf4 {[%emt 0:01:30]} 20. Bf1 {[%emt 0:01:30]} Qd7 {[%emt 0:05:30]} 21. Ned2 {[%emt 0:08:30]} Rxe1 {[%emt 0:02:15]} 22. Rxe1 {[%emt 0:00:00]} h6 {[%emt 0:03:34]} 23. Kh2 {[%emt 0:02:05]} b5 {[%emt 0:07:06]} 24. Qb3 {[%emt 0:03:55]} Bc6 {[%emt 0:03:06]} 25. a5 {[%emt 0:03:22]} Qf5 {[%emt 0:00:06]} 26. Nh4 {[%emt 0:04:40]} Qf6 {[%emt 0:01:02]} 27. g3 {[%emt 0:01:58]} Nd3 {[%emt 0:00:34]} 28. Re3 {[%emt 0:01:16]} Qxf2+ {[%emt 0:00:23]} 29. Ng2 {[%emt 0:00:59]} Qxd2 {[%emt 0:02:37]} 30. Rxd3 {[%emt 0:00:30]} Qf2 {[%emt 0:01:30]} 31. Rd1 {[%emt 0:02:45]} Re8 {[%emt 0:00:39]} 32. Rc1 {[%emt 0:03:23]} Re3 {[%emt 0:00:58]} 33. Qc2 {[%emt 0:01:05]} Qxg3+ {[%emt 0:00:30]} 34. Kg1 {[%emt 0:00:00]} Re7 {[%emt 0:00:38]} 35. h4 {[%emt 0:00:48]} h5 {[%emt 0:00:43]} 36. Rd1 {[%emt 0:00:48]} Bh6 {[%emt 0:00:13]} 37. d5 {[%emt 0:01:09]} Be3+ {[%emt 0:00:05]} 0-1

[Event "World Junior U20 Girls 2018"]
[Site "Gebze"]
[Date "2018.09.05"]
[Round "1"]
[White "Aydin, Gulenay"]
[Black "Schneider, Jana"]
[Result "0-1"]
[WhiteElo "1882"]
[BlackElo "2190"]
[Annotator "NA"]
[PlyCount "46"]
[EventDate "2018.09.05"]
[EventType "swiss"]
[EventCountry "TUR"]
[SourceTitle "playchess.com"]
[Source "ChessBase"]
[SourceQuality "1"]
[TimeControl "40/5400+30:1800+30"]

1. e4 e6 2. d4 d5 3. Nd2 c5 4. Ngf3 cxd4 5. Nxd4 Nc6 6. Bb5 Bd7 7. Nxc6 bxc6 8. Bd3 Qc7 9. O-O Bd6 10. Qg4 Bxh2+ 11. Kh1 Be5 12. f4 h5 13. Qh3 Bxf4 14. exd5 e5 15. Qf3 Bg4 16. Qf2 cxd5 {[%emt 0:48:00]} 17. g3 {[%emt 1:19:02]} Bg5 {[%emt 0:00:30]} 18. Bb5+ {[%emt 0:02:07]} Kf8 {[%emt 0:00:30]} 19. b3 {[%emt 0:01:48]} Nf6 {[%emt 0:01:30]} 20. Nf3 {[%emt 0:08:35]} h4 {[%emt 0:07:30]} 21. Nxh4 {[%emt 0:03:43]} Ne4 {[%emt 0:00:30]} 22. Qh2 {[%emt 0:03:35]} Bxh4 {[%emt 0:04:30]} 23. gxh4 {[%emt 0:00:13]} Qe7 {[%emt 0:01:30]} 0-1